00841nam a22002417a 45000010005000000030006000050050017000110080041000280200015000690400029000840500013001130820008001261000019001342450045001532600053001983000044002515050008002955200201003035210020005045210020005246500025005447000030005695408FISKH20241203150140.0241203b cb ||||| |||| 00| 0 eng d a0435121928 aFISKHbengcFISKHdFISKH aPZ7.N462 a813 aNeville, Emily aIt's Like This, Cat /cby Emily Neville aLondon : bHeinemann Educational Books ;c1963.  a179 pages : billustrations ;c20 cm .  aT  aThe story of a fourteen-year-old New York boy and his relationships with a stray tomcat, an eccentric old woman, a troubled older boy, the first girl with whom he has been friends, and his father.8 a810 bLexile 8 aT bRaz-Plus  ayoung adultvFiction aWeiss, Emileillustrator